The sea-lavv of Scotland : shortly gathered and plainly dressit for the reddy vse of all seafairingmen.

Bibliographic Details
Main Author: Welwood, William, fl. 1578-1622
Format: eBook
Language:English
Published: At Edinburgh : Imprinted by Robert Waldegraue, An. Dom. 1590.
Series:Early English books online.
Subjects:
Online Access:Connect to the full text of this electronic book

MARC

Tag First Indicator Second Indicator Subfields
LEADER 00000nam a2200000 4500
001 in00004211921
005 20200807080702.0
006 m g d
007 cr bn |||a|bb|
008 920206s1590 stk o 00| | eng d
035 |a (UnM)99849612 
037 |a CL0036000042  |b ProQuest. 789 E. Eisenhower Parkway, Ann Arbor, MI 48108-3218 
040 |a Cu-RivES  |c Cu-RivES  |d CStRLIN  |e dcrb  |d WaOLN 
100 1 |a Welwood, William,  |d fl. 1578-1622. 
245 1 4 |a The sea-lavv of Scotland :  |b shortly gathered and plainly dressit for the reddy vse of all seafairingmen. 
246 2 |a Sea-law of Scotland 
246 2 |a Sea-law of Scotland. 
260 |a At Edinburgh :  |b Imprinted by Robert Waldegraue,  |c An. Dom. 1590. 
300 |a 1 online resource ([34] pages) 
336 |a text  |b txt  |2 rdacontent 
337 |a computer  |b c  |2 rdamedia 
338 |a online resource  |b cr  |2 rdacarrier 
500 |a Dedication signed: William Welwod. 
500 |a Signatures: [A]⁴ (-[A]4, blank?) B C⁶. 
500 |a Reproduction of the original in Cambridge University Library. 
510 4 |a STC (2nd. edition)  |c 25242. 
533 |a Electronic reproduction.  |b Ann Arbor, Mich. :  |c UMI,  |d 1999-  |f (Early English books online)  |n Digital version of: (Early English books, 1475-1640 ; 1535:02)  |7 s1999 miun s 
650 0 |a Maritime law  |z Scotland  |v Early works to 1800. 
650 0 |a Maritime law  |v Early works to 1800. 
830 0 |a Early English books online. 
856 4 0 |u http://proxy.library.tamu.edu/login?url=https://search.proquest.com/docview/2240906743  |z Connect to the full text of this electronic book  |t 0 
999 f f |s cd7e625f-f813-34b4-9024-de6b99e01ce7  |i 3f6c3125-6a8a-31a3-bfc0-e52468961783  |t 0 
952 f f |a Texas A&M University  |b College Station  |c Electronic Resources  |d Available Online  |t 0  |h No information provided 
998 f f |t 0  |l Available Online